Statistiques concernant Pays modernes de l'Empire romain sur une carte

Cliquez ici pour prendre le quiz!

Statistiques générales

  • Ce quiz a été pris 728 fois
  • Le résultat moyen est 48 sur 50

Réponses sur la Carte

Les réponses sont colorées sur une échelle allant du rouge au vert en fonction du pourcentage des utilisateurs qui les ont devinées à leur premier essai. Vous pouvez retrouver ces pourcentages ci-dessous.
 

Statistiques - réponses

Pays% Correct
France
100%
Allemagne
99%
Belgique
99%
Espagne
99%
Grèce
99%
Italie
99%
Maroc
99%
Portugal
99%
Royaume-Uni
99%
Suisse
99%
Turquie
99%
Algérie
98%
Autriche
98%
Croatie
98%
Égypte
98%
Luxembourg
98%
Pays-Bas
98%
Roumanie
98%
Tunisie
98%
Albanie
96%
Andorre
96%
Bulgarie
96%
Hongrie
96%
Libye
96%
Monaco
96%
Vatican
96%
Chypre
95%
Israël
95%
Kosovo
95%
Macédoine du Nord
95%
Serbie
95%
Slovénie
95%
Bosnie-Herzégovine
94%
Irak
94%
Monténégro
94%
Saint-Marin
94%
Syrie
94%
Iran
93%
Liechtenstein
93%
Malte
93%
Arabie Saoudite
92%
Jordanie
92%
Slovaquie
92%
Arménie
90%
Géorgie
90%
Liban
90%
Russie
90%
Ukraine
90%
Azerbaïdjan
87%
Koweït
79%

Distribution des résultats

Percentile par nombre de réponses

% des personnes avec chaque résultat

Votre développement - résultats

Vous n’avez pas pris ce quiz